| 000 | 00809nam a2200241 a 4500 | ||
|---|---|---|---|
| 001 | 000041400 | ||
| 003 | DO-SdBNP | ||
| 005 | 20260521073716.0 | ||
| 007 | ta | ||
| 008 | 131002s2007 dr r 000 0 spa d | ||
| 020 | _a9789945161274 | ||
| 040 |
_aDO-SdBNP _bspa _cBNPHU |
||
| 082 | 4 | _222 | |
| 100 | 1 |
_aJiminián, Valerio _968051 |
|
| 245 | 1 | 0 |
_aConstitución, democracia y ciudadanía / _cJiminián Valerio ; prólogo Mu-kien Adriana Sang. |
| 260 |
_aSanto Domingo : _bPUCMM, _c2007. |
||
| 300 |
_a288 p. ; _c26 cm. |
||
| 500 | _aIncluye datos biográficos del autor en la contracubierta | ||
| 500 | _aIncluye referencias bibliográficas y notas al pie de las páginas | ||
| 590 | _aInventariado, 2019/BT | ||
| 700 | 1 |
_aSang, Mu-Kien A. _d1955- _q(Mu-Kien Adriana) _eprólogo _9331 |
|
| 942 |
_2ddc _cLBS1 |
||
| 999 |
_c40890 _d40890 |
||